000 00671nam a2200181 4500
999 _c371338
_d371338
008 210108b ||||| |||| 00| 0 eng d
040 _aSTAFF
_bger
_cSTAFF
_erda
041 _ager
245 _aStaßenbahndepot Bachgasse - Wohnen und Parkplätze im Baudenkmal
264 _c2021
653 _aFrankfurt (Oder)
653 _aStraßenbahndepot
773 _dFrankfurt (Oder): Stadt Frankfurt (Oder) und Büro für Stadtplanung, -forschung und -erneuerung
_g(2021), Nr. 29, Dezember, S.13: Fots
_tZentrum: Zeitschrift für das Sanierungsgebiet ehemalige Altstadt Frankfurt (Oder)
942 _cA